| 000 | 00000nam 2200000za 4500 |
| 001 | 9.840497 |
| 003 | CaOODSP |
| 005 | 20221107151846 |
| 007 | cr ||||||||||| |
| 008 | 170727s2017 onc |o f|0| 0 eng d |
| 040 | |aCaOODSP|beng |
| 043 | |an-cn--- |
| 086 | 1 |aFB4-20/2017E-PDF |
| 245 | 04|aThe economic impact of counterfeiting in Canada |h[electronic resource]. |
| 260 | |a[Ottawa] : |bBank of Canada, |c2017. |
| 300 | |a[2] p. |
| 500 | |aIssued also in French under title: L'incidence économique de la contrefaçon au Canada. |
| 500 | |aCaption title. |
| 500 | |a"February 2017." |
| 520 | |a"The Bank of Canada's role - promoting confidence in bank notes and the economic welfare in Canada."--p. [1]. |
| 692 | 07|2gccst|aCurrency |
| 692 | 07|2gccst|aForgery |
| 710 | 2 |aBank of Canada. |
| 775 | 08|tL'incidence économique de la contrefaçon au Canada |w(CaOODSP)9.840500 |
| 856 | 40|qPDF|s91 KB|uhttps://publications.gc.ca/collections/collection_2017/banque-bank-canada/FB4-20-2017-eng.pdf |